Direct numerical simulation for turbulent reacting flows (Record no. 64438)

000 -LEADER
fixed length control field 00465nam a22001697a 4500
003 - CONTROL NUMBER IDENTIFIER
control field NUST - PNEC
005 - DATE AND TIME OF LATEST TRANSACTION
control field 20170116180843.0
008 - FIXED-LENGTH DATA ELEMENTS--GENERAL INFORMATION
fixed length control field 150822b xxu||||| |||| 00| 0 eng d
020 ## - INTERNATIONAL STANDARD BOOK NUMBER
International Standard Book Number 2710806983
040 ## - CATALOGING SOURCE
Transcribing agency LIBRARY
082 ## - DEWEY DECIMAL CLASSIFICATION NUMBER
Classification number 541.11 BAR
100 ## - MAIN ENTRY--PERSONAL NAME
9 (RLIN) 5428
Personal name Baritaud
245 ## - TITLE STATEMENT
Title Direct numerical simulation for turbulent reacting flows
Statement of responsibility, etc. Thierry baritaud
260 ## - PUBLICATION, DISTRIBUTION, ETC.
Date of publication, distribution, etc. c1996.
650 ## - SUBJECT ADDED ENTRY--TOPICAL TERM
9 (RLIN) 5429
Topical term or geographic name entry element Turbulence--Computer simulation
General subdivision IMS
942 ## - ADDED ENTRY ELEMENTS (KOHA)
Source of classification or shelving scheme
Koha item type Book
Holdings
Withdrawn status Lost status Source of classification or shelving scheme Damaged status Not for loan Permanent Location Current Location Shelving location Date acquired Total Checkouts Full call number Barcode Date last seen Price effective from Koha item type
          Pakistan Navy Engineering College (PNEC) Pakistan Navy Engineering College (PNEC)       541.11 BAR PNECLIB-027059 08/22/2015   Book
© 2023 Central Library, National University of Sciences and Technology. All Rights Reserved.